000 00324nam a22001337a 4500
020 _a0-19-859140-3
082 _a628.2 CHA'M
100 _aCAHNDLER, BERNARD
_978619
245 _aMOTOR VEHICLE WORKSHOP ORGANIZATION AND ADMINISTRATION
250 _a2ND
260 _aLONDON
_bOXFORD
_c1975
300 _a126P
942 _cBK
999 _c583729
_d583729